00541nam a2200133 a 450000100100000000500170001000800410002704000250006824500410009326000580013430000200019295201780021299900170039000003503920200930074050.0111024s1975 cu 000 0 spa d aDO-SdBNPbspacBNPHU00aWork plan Cuban women´s federation. aLa Habana :bOrbe, Instituto Cubano del Libro,c1975. a77 p. ;c19 cm. 001050718MOaGRbGRcCTd2011-10-24iLF1l0o p35039-10r2020-06-25w2020-06-25y1zPerteneció a la biblioteca personal de Juan Isidro Jimenes Grullón.ZNo se presta c34530d34530